00350 a2200145 450000100060000002000060000604000220001210000080003424000370004224500320007930000060011136200090011744000230012665000550014952131 a  cAnchieta - Pituba aGil10a2ª Ciências, III unidadelpor10a2ª Ciências, III unidade a70 a2012 1aColégio Anchieta 4aBIOLOGIA, CIÊNICAS DA VIDA (CIÊNCIAS NATURAIS)